[Event "4NCL/Div4/NOTT2 vs. BCA"]
[Site "Nottingham ENG"]
[Date "2006.02.12"]
[Round "6.5"]
[White "Graham, Neil"]
[Black "Gallagher, John"]
[Result "1/2-1/2"]
[WhiteElo "1930"]
[BlackElo "1890"]
[PlyCount "33"]
[EventDate "2006.02.12"]
[SourceDate "2005.10.25"]

1. d4 Nf6 2. f3 d5 3. e4 e6 4. Bg5 Be7 5. exd5 exd5 6. Bd3 O-O 7. Ne2 c5 8. c3
Nc6 9. dxc5 Bxc5 10. Qc2 h6 11. Bh4 Re8 12. Nd2 Ne5 13. Nb3 Nxd3+ 14. Qxd3 Be3
15. Bf2 Bxf2+ 16. Kxf2 Qb6+ 17. Qd4 1/2-1/2

[Event "4NCL/Div4/NOTT2 vs. BCA"]
[Site "Nottingham ENG"]
[Date "2006.02.12"]
[Round "6.6"]
[White "Thacker, Steve M"]
[Black "Lakhani, Anjali"]
[Result "0-1"]
[WhiteElo "1785"]
[BlackElo "1755"]
[PlyCount "126"]
[EventDate "2006.02.12"]
[SourceDate "2005.10.25"]

1. Nf3 Nf6 2. c4 e6 3. g3 d5 4. Bg2 Nc6 5. cxd5 Nxd5 6. b3 Be7 7. Bb2 Bf6 8. d4
O-O 9. O-O Bd7 10. Ne5 Nxe5 11. dxe5 Be7 12. e4 Nb6 13. a4 a5 14. Kh1 Bc6 15.
Na3 Qxd1 16. Raxd1 Rfd8 17. f4 Rd7 18. Rxd7 Nxd7 19. Nc4 Nc5 20. Ba3 Kf8 21.
Bxc5 Bxc5 22. Rd1 b5 23. axb5 Bxb5 24. Bf1 a4 25. bxa4 Rxa4 26. Nb2 Rb4 27.
Bxb5 Rxb5 28. Na4 Be3 29. Rd3 Ba7 30. Rd8+ Ke7 31. Rc8 Kd7 32. Rg8 g6 33. Rg7
Ke7 34. Rxh7 Rb4 35. Nc3 Rb3 36. Ne2 Re3 37. Ng1 Re1 38. Kg2 Rxg1+ 39. Kf3 Rd1
40. Kg4 Rd4 41. Kf3 c5 42. g4 Rd3+ 43. Kg2 Rd4 44. Kf3 c4 45. f5 Rd3+ 46. Ke2
Re3+ 47. Kd1 exf5 48. exf5 gxf5 49. g5 Rd3+ 50. Kc2 Bd4 51. g6 Bxe5 52. Rxf7+
Ke6 53. h4 Rd7 54. Rf8 Bg7 55. Rc8 c3 56. Rc6+ Rd6 57. Rc7 Rd7 58. Rc6+ Ke7 59.
h5 Rd2+ 60. Kc1 Bh6 61. Rxc3 Rd3+ 62. Kc2 Rxc3+ 63. Kxc3 Kf6 0-1

[Event "4NCL/Div4/OXF3 vs. CELT"]
[Site "Nottingham ENG"]
[Date "2006.02.12"]
[Round "6.1"]
[White "Terry, Sean"]
[Black "Thomas, Robert K"]
[Result "1/2-1/2"]
[WhiteElo "2000"]
[BlackElo "2140"]
[PlyCount "181"]
[EventDate "2006.02.12"]
[SourceDate "2005.10.25"]

1. e4 e6 2. Qe2 Be7 3. b3 d5 4. exd5 exd5 5. Bb2 Nf6 6. Bxf6 gxf6 7. Qh5 Qd6 8.
Nf3 Be6 9. Nc3 c6 10. Nd4 Qe5+ 11. Qxe5 fxe5 12. Nxe6 fxe6 13. g3 Bd6 14. Bh3
Ke7 15. O-O Na6 16. a3 h5 17. b4 Nc7 18. Ne2 Raf8 19. Rae1 Rhg8 20. d3 h4 21.
Kg2 a5 22. bxa5 Ra8 23. Rb1 Rgb8 24. f4 hxg3 25. hxg3 Rxa5 26. fxe5 Bxe5 27.
Nf4 Bxf4 28. Rxf4 Rxa3 29. Rbf1 Ra2 30. Rf7+ Kd6 31. R1f2 Re8 32. g4 d4 33. Kg3
b5 34. g5 Rg8 35. Kh4 Rh8+ 36. Kg4 Nd5 37. g6 Rxc2 38. g7 Ne3+ 39. Kg3 Rg8 40.
R2f6 b4 41. Rb7 b3 42. Rf8 Rxg7+ 43. Rxg7 Rc3 44. Kf4 Rxd3 45. Ke4 b2 46. Rb7
Rd2 47. Rd8+ Kc5 48. Bxe6 Nd1 49. Bf5 b1=Q+ 50. Rxb1 Nc3+ 51. Ke5 Re2+ 52. Kf4
Nxb1 53. Bxb1 Kc4 54. Kf3 Re3+ 55. Kf2 Re5 56. Kf3 c5 57. Kf4 Re1 58. Be4 Ra1
59. Bd5+ Kc3 60. Rc8 Ra5 61. Ke4 d3 62. Bb3 Rb5 63. Ba4 Rb4+ 64. Ke3 c4 65. Bd1
Rb1 66. Ba4 Re1+ 67. Kf2 Re4 68. Kf3 Rd4 69. Ke3 Rd5 70. Ke4 Ra5 71. Bd1 Ra1
72. Bh5 d2 73. Be2 d1=Q 74. Rxc4+ Kb3 75. Bxd1+ Kxc4 76. Be2+ Kc3 77. Ke3 Ra7
78. Bd3 Re7+ 79. Be4 Re8 80. Kf4 Kd4 81. Bb1 Rf8+ 82. Kg4 Ke5 83. Ba2 Rf1 84.
Bb3 Rf4+ 85. Kg3 Rf6 86. Bc2 Kd4 87. Bh7 Rf7 88. Bb1 Ke3 89. Kg4 Rf2 90. Bh7
Rf4+ 91. Kg5 1/2-1/2

[Event "4NCL/Div4/OXF3 vs. CELT"]
[Site "Nottingham ENG"]
[Date "2006.02.12"]
[Round "6.2"]
[White "Price, Chris"]
[Black "Burt, Will"]
[Result "1-0"]
[WhiteElo "2037"]
[BlackElo "1985"]
[PlyCount "81"]
[EventDate "2006.02.12"]
[SourceDate "2005.10.25"]

1. Nf3 f5 2. d4 Nf6 3. c4 e6 4. g3 d5 5. Bg2 Bd6 6. O-O c6 7. Nbd2 O-O 8. Ne5
Nbd7 9. Ndf3 Ng4 10. Bf4 Ndxe5 11. dxe5 Be7 12. h4 Bd7 13. Qd2 Qe8 14. Ne1 Qh5
15. f3 Bc5+ 16. e3 Nh6 17. Nd3 Be7 18. Nf2 Rad8 19. Nh3 Bc8 20. Bxh6 dxc4 21.
Qc3 Qxh6 22. Nf4 Bc5 23. Rfd1 g5 24. hxg5 Qxg5 25. Kf2 Kh8 26. Qxc4 Bb6 27. Bh3
Rg8 28. g4 Qh4+ 29. Ke2 fxg4 30. fxg4 Qg3 31. Qe4 Rdf8 32. Rg1 Qh4 33. Raf1 c5
34. g5 Rxf4 35. Rxf4 Qxh3 36. Rh1 Qf5 37. Rxf5 exf5 38. Qh4 Rg7 39. g6 Bd7 40.
Qf6 Bb5+ 41. Kd1 1-0

[Event "4NCL/Div4/OXF3 vs. CELT"]
[Site "Nottingham ENG"]
[Date "2006.02.12"]
[Round "6.3"]
[White "Stembridge, Ed"]
[Black "Spencer, Douglas"]
[Result "1-0"]
[WhiteElo "1960"]
[BlackElo "1902"]
[PlyCount "51"]
[EventDate "2006.02.12"]
[SourceDate "2005.10.25"]

1. e4 e5 2. Nc3 d6 3. Bc4 Nf6 4. d3 Bg4 5. Nge2 Be7 6. f4 exf4 7. Bxf4 O-O 8.
O-O Nbd7 9. Qd2 c6 10. a4 Ne5 11. Bb3 Ng6 12. Ng3 d5 13. Rae1 d4 14. Nce2 Bd6
15. Bxd6 Qxd6 16. Qg5 Ne5 17. h3 h6 18. Rxf6 Qb4 19. Qc1 gxf6 20. hxg4 Nxg4 21.
Nf5 Rad8 22. Rf1 Qc5 23. Rf4 Ne3 24. Rf3 Qe5 25. Rxe3 dxe3 26. Qxe3 1-0

[Event "4NCL/Div4/OXF3 vs. CELT"]
[Site "Nottingham ENG"]
[Date "2006.02.12"]
[Round "6.4"]
[White "Tew, Paul"]
[Black "Smith, Jonathan"]
[Result "0-1"]
[WhiteElo "1890"]
[BlackElo "1935"]
[PlyCount "96"]
[EventDate "2006.02.12"]
[SourceDate "2005.10.25"]

1. Nc3 Nf6 2. e4 d5 3. exd5 Nxd5 4. Bc4 c6 5. Qf3 e6 6. Nge2 Nd7 7. d3 g6 8.
Ne4 Be7 9. Bh6 f5 10. N4c3 Bf6 11. Bd2 b5 12. Bxd5 exd5 13. O-O Ne5 14. Qe3 O-O
15. f4 Ng4 16. Qf3 Re8 17. h3 Qb6+ 18. Kh1 Ne3 19. Bxe3 Qxe3 20. Qxe3 Rxe3 21.
Rae1 Bb7 22. Nd1 Re7 23. Nc1 Rae8 24. Rxe7 Rxe7 25. c3 c5 26. Nb3 c4 27. Nc5
Bc8 28. d4 Bh4 29. Kh2 Re2 30. Rf3 Kf7 31. Kg1 Re1+ 32. Rf1 Rxf1+ 33. Kxf1 Bg3
34. Ne3 Be6 35. Na6 Bxf4 36. Nd1 Ke7 37. Ke2 Kd6 38. Kf3 Bc1 39. Nc5 f4 40.
Nb7+ Kc7 41. Nc5 Bf5 42. Na6+ Kd6 43. Nb4 Be4+ 44. Kf2 a5 45. Na6 Bc2 46. Ke1
Bxd1 47. Kxd1 Bxb2 48. Kc2 Ba3 0-1

[Event "4NCL/Div4/OXF3 vs. CELT"]
[Site "Nottingham ENG"]
[Date "2006.02.12"]
[Round "6.5"]
[White "Hadi, Justin"]
[Black "Kitchen, Peter J"]
[Result "0-1"]
[WhiteElo "1895"]
[BlackElo "1716"]
[PlyCount "86"]
[EventDate "2006.02.12"]
[SourceDate "2005.10.25"]

1. d4 e6 2. Nf3 d5 3. e3 Nf6 4. Bd3 Be7 5. O-O O-O 6. Nbd2 c5 7. b3 Nc6 8. a3
a6 9. Bb2 b5 10. Ne5 Bb7 11. dxc5 Nxe5 12. Bxe5 Bxc5 13. Nf3 Bd6 14. a4 Bxe5
15. Nxe5 Qd6 16. f4 Qc5 17. Qf3 Rfd8 18. Qh3 d4 19. Ng4 Ne4 20. Rf3 f5 21. Ne5
Nf6 22. Rg3 Be4 23. Qh6 Qe7 24. Bxe4 Nxe4 25. Rxg7+ Qxg7 26. Qxe6+ Kf8 27.
Qxf5+ Nf6 28. e4 Rac8 29. g4 Ke8 30. g5 Nd7 31. Qe6+ Qe7 32. Qg8+ Qf8 33. Qe6+
Qe7 34. Qg8+ Nf8 35. axb5 axb5 36. Ra6 d3 37. f5 d2 38. Re6 d1=Q+ 39. Kg2 Rd2+
40. Kg3 Qg1+ 41. Kf4 Qxh2+ 42. Kg4 Rg2+ 43. Kf3 Qg3# 0-1

[Event "4NCL/Div4/OXF3 vs. CELT"]
[Site "Nottingham ENG"]
[Date "2006.02.12"]
[Round "6.6"]
[White "Larter, Nick"]
[Black "Henbest, Kevin B"]
[Result "1-0"]
[WhiteElo "1750"]
[BlackElo "1855"]
[PlyCount "68"]
[EventDate "2006.02.12"]
[SourceDate "2005.10.25"]

1. e4 c5 2. c4 Nc6 3. Nc3 g6 4. g3 Bg7 5. Bg2 Nf6 6. Nge2 O-O 7. O-O d6 8. d3
e5 9. h3 Kh8 10. Be3 Ne7 11. Qd2 Nfg8 12. Rab1 Rb8 13. b4 cxb4 14. Rxb4 b6 15.
c5 f5 16. f4 Nc6 17. Rbb1 Nd4 18. cxb6 axb6 19. Kh2 Ne7 20. Bxd4 exd4 21. Nb5
fxe4 22. dxe4 d5 23. e5 d3 24. Ned4 Bd7 25. Qxd3 Nf5 26. Qd2 g5 27. Nxf5 Bxf5
28. Rb4 Rc8 29. Nd6 Rc2 30. Qxd5 Qd7 31. fxg5 Re2 32. Qb5 Bxh3 33. Qxe2 Rxf1
34. Bxf1 Bxe5 1-0

[Event "4NCL/Div4/FCA2 vs. RICB"]
[Site "Nottingham ENG"]
[Date "2006.02.12"]
[Round "6.1"]
[White "Elwin, Adrian G"]
[Black "Giles, Benjamin"]
[Result "1-0"]
[WhiteElo "2070"]
[BlackElo "2010"]
[PlyCount "49"]
[EventDate "2006.02.12"]
[SourceDate "2005.10.25"]

1. Nf3 Nf6 2. c4 c5 3. Nc3 Nc6 4. d4 cxd4 5. Nxd4 g6 6. e4 d6 7. Be2 Bg7 8. Be3
O-O 9. O-O Bd7 10. Qd2 Rc8 11. f3 a6 12. Rac1 Nxd4 13. Bxd4 Qa5 14. Be3 b5 15.
cxb5 axb5 16. Nd5 Qxd2 17. Nxe7+ Kh8 18. Bxd2 Rxc1 19. Rxc1 Re8 20. Nc6 Nd5 21.
Kf1 Nc7 22. Na7 Ne6 23. Bxb5 Bxb2 24. Bxd7 Bxc1 25. Bc3+ 1-0

[Event "4NCL/Div4/FCA2 vs. RICB"]
[Site "Nottingham ENG"]
[Date "2006.02.12"]
[Round "6.2"]
[White "Gaudeau, Valentin"]
[Black "Adebajo, Femi"]
[Result "0-1"]
[WhiteElo "1885"]
[BlackElo "2050"]
[PlyCount "106"]
[EventDate "2006.02.12"]
[SourceDate "2005.10.25"]

1. d4 Nf6 2. c4 g6 3. Nc3 Bg7 4. e4 d6 5. f3 O-O 6. Be3 Nbd7 7. Qd2 c6 8. Nge2
Rb8 9. b4 e5 10. Rd1 a5 11. a3 axb4 12. axb4 Ne8 13. d5 f5 14. c5 f4 15. Bf2
Kh8 16. cxd6 Rg8 17. g3 g5 18. Bh3 Nef6 19. Be6 Rf8 20. h4 g4 21. fxg4 cxd5 22.
exd5 f3 23. Ng1 e4 24. g5 Ne5 25. gxf6 Nd3+ 26. Kf1 Bxf6 27. Nxe4 Nxf2 28. Qxf2
Bd7 29. Bxd7 Qxd7 30. Nxf6 Qb5+ 31. Ke1 Rxf6 32. Rd4 Re8+ 33. Kd2 Qa4 34. Rc4
Qa2+ 35. Rc2 Qxd5+ 36. Kc1 Ra8 37. Qd2 Ra1+ 38. Kb2 Qa2+ 39. Kc3 Qa3+ 40. Kc4
f2 41. Nh3 Rxh1 42. Nxf2 Qa6+ 43. b5 Qa4+ 44. Kc3 Rb1 45. Qd5 Qb4+ 46. Kd3 Rxd6
47. Rc8+ Kg7 48. Rg8+ Kf6 49. Ng4+ Ke7 50. Rg7+ Kd8 51. Rg8+ Kc7 52. Rg7+ Kb8
53. Rxb7+ Ka8 0-1

[Event "4NCL/Div4/FCA2 vs. RICB"]
[Site "Nottingham ENG"]
[Date "2006.02.12"]
[Round "6.3"]
[White "Goldsworthy, Patrick"]
[Black "Kenyon, Scott J M"]
[Result "1-0"]
[WhiteElo "2005"]
[BlackElo "1840"]
[PlyCount "53"]
[EventDate "2006.02.12"]
[SourceDate "2005.10.25"]

1. d4 d5 2. c4 e5 3. Nc3 exd4 4. Qxd4 Nc6 5. Qxd5 Be6 6. Qxd8+ Rxd8 7. Bd2 Bxc4
8. Nf3 Nb4 9. Rc1 c5 10. b3 Ba6 11. g3 b6 12. Bg2 Bb7 13. a3 Na6 14. Bf4 Bd6
15. Bxd6 Rxd6 16. O-O Nf6 17. Nb5 Rd7 18. Rfd1 Nc7 19. Rxd7 Kxd7 20. Ne5+ Kc8
21. Nd6+ Kb8 22. Bxb7 Ne6 23. Ba6 Nd4 24. b4 cxb4 25. axb4 Nd5 26. Nd7+ Ka8 27.
Bb7# 1-0

[Event "4NCL/Div4/FCA2 vs. RICB"]
[Site "Nottingham ENG"]
[Date "2006.02.12"]
[Round "6.4"]
[White "Davda, Rahil P"]
[Black "Majer, Chris E"]
[Result "1-0"]
[WhiteElo "1825"]
[BlackElo "2075"]
[PlyCount "101"]
[EventDate "2006.02.12"]
[SourceDate "2005.10.25"]

1. d4 Nf6 2. Nf3 c5 3. d5 b5 4. e3 Bb7 5. c4 g6 6. Bd3 Bg7 7. Nc3 b4 8. Ne2 d6
9. e4 Nbd7 10. O-O Ng4 11. h3 Nge5 12. Nxe5 Nxe5 13. f4 Nxd3 14. Qxd3 O-O 15.
Rb1 Qd7 16. b3 a5 17. Bb2 a4 18. e5 Rae8 19. Ng3 Bc8 20. Ne4 Qd8 21. bxa4 Bf5
22. g4 Bxe4 23. Qxe4 f5 24. Qe2 Qa5 25. gxf5 gxf5 26. Qg2 Kh8 27. exd6 Rg8 28.
Kh1 exd6 29. Rbe1 Qc7 30. Rxe8 Rxe8 31. Rg1 Bd4 32. Bxd4+ cxd4 33. a5 Qe7 34.
Qg3 Qe4+ 35. Kh2 Qe2+ 36. Rg2 Qe7 37. a6 Ra8 38. Qf2 Qe4 39. Qh4 Rf8 40. Qg5
Qxg2+ 41. Qxg2 Ra8 42. Qb2 Rxa6 43. Qxd4+ Kg8 44. Qb2 Kf7 45. Qxb4 Rxa2+ 46.
Kg3 Ke7 47. c5 dxc5 48. Qxc5+ Kd8 49. Qd6+ Ke8 50. Qe6+ Kd8 51. d6 1-0

[Event "4NCL/Div4/FCA2 vs. RICB"]
[Site "Nottingham ENG"]
[Date "2006.02.12"]
[Round "6.5"]
[White "Valentine, Brian J"]
[Black "Glover, Robert"]
[Result "1-0"]
[WhiteElo "1990"]
[BlackElo "1795"]
[PlyCount "63"]
[EventDate "2006.02.12"]
[SourceDate "2005.10.25"]

1. e4 e6 2. d3 d5 3. Nd2 Nf6 4. Ngf3 Be7 5. g3 Nc6 6. e5 Nd7 7. Qe2 f6 8. exf6
Nxf6 9. Bh3 Qd6 10. O-O h6 11. Re1 Kf7 12. Nb3 Re8 13. d4 Ne4 14. Bf4 Qd8 15.
Nbd2 Ng5 16. Bg2 Bf6 17. Ne5+ Bxe5 18. Bxe5 Nxe5 19. Qxe5 Qf6 20. Qxc7+ Re7 21.
Qc3 Bd7 22. h4 Nh7 23. Nf3 Rf8 24. Ne5+ Kg8 25. f4 g5 26. hxg5 hxg5 27. Rf1
gxf4 28. Rxf4 Qh6 29. Raf1 Bb5 30. R1f2 Nf6 31. Qc5 Rg7 32. Qxf8+ 1-0

[Event "4NCL/Div4/FCA2 vs. RICB"]
[Site "Nottingham ENG"]
[Date "2006.02.12"]
[Round "6.6"]
[White "Hall, Toby"]
[Black "Shaw, John S"]
[Result "0-1"]
[WhiteElo "1730"]
[BlackElo "1935"]
[PlyCount "86"]
[EventDate "2006.02.12"]
[SourceDate "2005.10.25"]

1. d4 Nf6 2. c4 e6 3. Nc3 Bb4 4. a3 Bxc3+ 5. bxc3 d5 6. Bg5 Nbd7 7. Qc2 c5 8.
cxd5 exd5 9. Nf3 O-O 10. e3 cxd4 11. cxd4 Qa5+ 12. Nd2 Re8 13. Bxf6 Nxf6 14.
Bd3 Ne4 15. Bxe4 dxe4 16. O-O Bf5 17. Rfd1 Rac8 18. Qb3 Qc7 19. Rab1 b6 20. Qb2
Qc3 21. Qxc3 Rxc3 22. Rdc1 Rec8 23. Rxc3 Rxc3 24. Ra1 Rc2 25. Nf1 Be6 26. Ng3
Bd5 27. Nf5 Kf8 28. h3 g6 29. Ng3 Ke7 30. Kf1 f5 31. Ne2 Bc4 32. Re1 Ra2 33. f3
Rxa3 34. Kf2 Ra2 35. g4 b5 36. fxe4 fxe4 37. h4 a5 38. h5 a4 39. hxg6 hxg6 40.
g5 Rxe2+ 41. Rxe2 Bxe2 42. Kxe2 a3 43. Kd2 a2 0-1

[Event "4NCL/Div4/SXM vs. GUI5"]
[Site "Nottingham ENG"]
[Date "2006.02.12"]
[Round "6.1"]
[White "Fryer, David W"]
[Black "Shepley, Julien M"]
[Result "1/2-1/2"]
[WhiteElo "2085"]
[BlackElo "2085"]
[PlyCount "114"]
[EventDate "2006.02.12"]
[SourceDate "2005.10.25"]

1. e4 d5 2. exd5 Qxd5 3. Nc3 Qa5 4. d4 c6 5. Nf3 Bf5 6. Be2 e6 7. Bd2 Nd7 8. a3
Be7 9. h3 h6 10. b4 Qc7 11. Na4 Ngf6 12. c4 Ne4 13. Be3 Nb6 14. Nc5 Nc3 15. Qc1
Nxe2 16. Kxe2 Nc8 17. Rd1 b6 18. Nb3 Nd6 19. Bf4 Qb7 20. Kf1 Ne4 21. Nbd2 O-O
22. Nxe4 Bxe4 23. Qe3 Bf5 24. g4 Bh7 25. h4 Rfe8 26. h5 c5 27. dxc5 bxc5 28. g5
hxg5 29. Bxg5 Bxg5 30. Nxg5 Qh1+ 31. Ke2 Qxh5+ 32. Nf3 Qg4 33. Rg1 Qxc4+ 34.
Ke1 cxb4 35. axb4 Qxb4+ 36. Kf1 Qc4+ 37. Kg2 Be4 38. Kh2 Qc7+ 39. Rg3 Bxf3 40.
Qxf3 Qe5 41. Rag1 g6 42. Rd1 Rad8 43. Rb1 Re7 44. Rb4 Rd4 45. Rxd4 Qxd4 46.
Qa8+ Kg7 47. Rh3 Qxf2+ 48. Kh1 Qe1+ 49. Kh2 Qd2+ 50. Kg1 Qg5+ 51. Kh2 Qe5+ 52.
Kg1 Qd4+ 53. Kh2 Qb2+ 54. Kg1 Qc1+ 55. Kh2 Qf4+ 56. Kg1 Qg4+ 57. Kh2 Qe2+
1/2-1/2

[Event "4NCL/Div4/SXM vs. GUI5"]
[Site "Nottingham ENG"]
[Date "2006.02.12"]
[Round "6.2"]
[White "Jones, H Trevor"]
[Black "Fraser, Joe P"]
[Result "0-1"]
[WhiteElo "1930"]
[BlackElo "2065"]
[PlyCount "120"]
[EventDate "2006.02.12"]
[SourceDate "2005.10.25"]

1. c4 e5 2. Nc3 Nc6 3. g3 g6 4. Bg2 Bg7 5. Nf3 f5 6. d3 d6 7. h4 Nf6 8. Nd5 h6
9. Nxf6+ Qxf6 10. Bd2 O-O 11. O-O f4 12. Rb1 Bg4 13. b4 Qf5 14. b5 Ne7 15. Nh2
Bh3 16. e4 Qe6 17. g4 Bxg2 18. Kxg2 f3+ 19. Kg3 h5 20. g5 Rf7 21. Rg1 Raf8 22.
Qf1 Qd7 23. Qh3 Qd8 24. Be3 c6 25. bxc6 Nxc6 26. Nf1 Nd4 27. Bxd4 exd4 28. Kh2
Be5+ 29. Kh1 b6 30. Nd2 Qc8 31. Qxc8 Rxc8 32. Rg3 Bxg3 33. fxg3 f2 34. Kg2 Rcf8
35. Rf1 a6 36. a4 Kh7 37. Kh3 b5 38. axb5 axb5 39. cxb5 Rb7 40. Nc4 Rxb5 41.
Kg2 Rb3 42. Rxf2 Rxf2+ 43. Kxf2 Rxd3 44. Nxd6 Re3 45. Nb5 Rxe4 46. Kf3 Rg4 47.
Nd6 d3 48. Ke3 Rxg3+ 49. Kd2 Rh3 50. Ne4 Rxh4 51. Kxd3 Kg7 52. Nf2 Kf7 53. Ke3
Ke6 54. Kf3 Kf5 55. Kg3 Kxg5 56. Nh3+ Rxh3+ 57. Kxh3 Kf4 58. Kh2 g5 59. Kh3 g4+
60. Kg2 h4 0-1

[Event "4NCL/Div4/SXM vs. GUI5"]
[Site "Nottingham ENG"]
[Date "2006.02.12"]
[Round "6.3"]
[White "Bayliss, Lyall C P"]
[Black "Shaw, Matthew"]
[Result "0-1"]
[WhiteElo "1925"]
[BlackElo "1815"]
[PlyCount "60"]
[EventDate "2006.02.12"]
[SourceDate "2005.10.25"]

1. e4 e6 2. d4 d5 3. e5 c5 4. c3 Nc6 5. Nf3 cxd4 6. cxd4 Qb6 7. Be2 Nge7 8. Nc3
Nf5 9. Na4 Qa5+ 10. Bd2 Bb4 11. Bc3 Bd7 12. a3 Bxc3+ 13. Nxc3 O-O 14. O-O f6
15. exf6 Rxf6 16. b4 Qd8 17. Bb5 a6 18. Bxc6 Bxc6 19. g4 Nd6 20. Ne5 Nc4 21.
Nxc6 bxc6 22. Qe2 Qd6 23. Ne4 dxe4 24. Qxc4 Rh6 25. f4 exf3 26. Ra2 Rf8 27. Qc3
Qf4 28. Rg2 Qe4 29. Rg3 f2+ 30. Rxf2 Rxf2 0-1

[Event "4NCL/Div4/SXM vs. GUI5"]
[Site "Nottingham ENG"]
[Date "2006.02.12"]
[Round "6.4"]
[White "Arghandewal, Aryan Y"]
[Black "Tucker, Andrew L"]
[Result "0-1"]
[WhiteElo "1715"]
[BlackElo "1980"]
[PlyCount "82"]
[EventDate "2006.02.12"]
[SourceDate "2005.10.25"]

1. e4 c5 2. Nf3 Nc6 3. d4 cxd4 4. Nxd4 Nf6 5. Nc3 e6 6. Ndb5 Bb4 7. Nd6+ Ke7 8.
Nxc8+ Rxc8 9. Bd3 d5 10. O-O Bxc3 11. bxc3 dxe4 12. Ba3+ Ke8 13. Bb5 Qa5 14.
Bxc6+ Rxc6 15. Bb4 Qc7 16. a4 a5 17. Ba3 Nd5 18. Qg4 f5 19. Qh5+ Qf7 20. Qg5
Qf6 21. Qh5+ Qg6 22. Qh4 Rxc3 23. Rfd1 Kd7 24. Qe7+ Kc8 25. Qd6 Rd8 26. Qe5 Qf6
27. Bd6 Rc6 28. Bb8 Qxe5 29. Bxe5 g6 30. Rac1 Nc3 31. Rxd8+ Kxd8 32. Bxc3 Rxc3
33. Kf1 Rc4 34. Ke2 Rxa4 35. Rb1 Rb4 36. Rb3 Rxb3 37. cxb3 Kd7 38. Kd2 Kc6 39.
Kc3 Kc5 40. h4 h5 41. g3 b5 0-1

[Event "4NCL/Div4/SXM vs. GUI5"]
[Site "Nottingham ENG"]
[Date "2006.02.12"]
[Round "6.5"]
[White "Cumming, Rhys"]
[Black "Mills, Nigel"]
[Result "1/2-1/2"]
[WhiteElo "1740"]
[BlackElo "1705"]
[PlyCount "79"]
[EventDate "2006.02.12"]
[SourceDate "2005.10.25"]

1. e4 c5 2. c3 d5 3. exd5 Qxd5 4. d4 e6 5. Nf3 Bd7 6. Be2 Nc6 7. Be3 cxd4 8.
cxd4 Bb4+ 9. Nc3 Nge7 10. O-O Bxc3 11. bxc3 Ng6 12. Re1 O-O 13. c4 Qd6 14. Qd2
Nce7 15. Rab1 Bc6 16. Qc3 Rfd8 17. Red1 Qc7 18. Qb4 h6 19. Ne1 Nf5 20. Bf3 Bxf3
21. Nxf3 Nxe3 22. fxe3 b6 23. Qb3 Rac8 24. Rdc1 Qe7 25. Rc3 Rd7 26. a4 Rdc7 27.
Nd2 Qh4 28. Nf3 Qe4 29. Rbc1 Qf5 30. Qb5 Ne7 31. Qxf5 Nxf5 32. Kf2 Nd6 33. Nd2
Kf8 34. Ke2 Ke7 35. Kd3 f5 36. Nf3 Ne4 37. R3c2 Rd8 38. Ne5 Kf6 39. Ke2 Rdc8
40. Kd3 1/2-1/2

[Event "4NCL/Div4/SXM vs. GUI5"]
[Site "Nottingham ENG"]
[Date "2006.02.12"]
[Round "6.6"]
[White "Adami, Mark"]
[Black "Grant, David"]
[Result "1/2-1/2"]
[WhiteElo "1745"]
[BlackElo "1765"]
[PlyCount "78"]
[EventDate "2006.02.12"]
[SourceDate "2005.10.25"]

1. d4 Nf6 2. c4 g6 3. Nc3 d5 4. Nf3 Bg7 5. Bg5 Ne4 6. cxd5 Nxc3 7. bxc3 Qxd5 8.
e3 Qa5 9. Qd2 Bg4 10. c4 Qxd2+ 11. Nxd2 c5 12. Rb1 cxd4 13. exd4 Nc6 14. Rxb7
Nxd4 15. Rxe7+ Kf8 16. Bd3 f6 17. Re4 f5 18. Re3 h6 19. Bf4 g5 20. Bd6+ Kf7 21.
Re7+ Kf6 22. O-O Rhd8 23. c5 Bf8 24. Rfe1 Kg6 25. f3 Bxe7 26. Rxe7 Nc6 27. Re6+
Kf7 28. Bc4 Na5 29. Re7+ Kf6 30. Rf7+ Kg6 31. Bd5 Bh5 32. Re7 Kf6 33. Re6+ Kg7
34. Be5+ Kf7 35. Rd6+ Kf8 36. Bc3 Rxd6 37. cxd6 Rc8 38. Bxa5 Rc5 39. Bb4 Rxd5
1/2-1/2

[Event "4NCL/Div4/KTP vs. CAMB2"]
[Site "Nottingham ENG"]
[Date "2006.02.12"]
[Round "6.2"]
[White "Broomfield, Lucy"]
[Black "Healey, Michael"]
[Result "0-1"]
[WhiteElo "1980"]
[BlackElo "1900"]
[PlyCount "86"]
[EventDate "2006.02.12"]
[EventType "team"]
[EventRounds "11"]
[EventCountry "ENG"]
[SourceDate "2005.10.25"]

1. e4 e5 2. Nf3 Nc6 3. Bc4 Nf6 4. d3 Be7 5. c3 O-O 6. O-O d6 7. h3 h6 8. Be3
Nh7 9. b4 Ng5 10. Nbd2 Kh8 11. Nxg5 Bxg5 12. b5 Na5 13. f4 Nxc4 14. Nxc4 Bxf4
15. Bxf4 exf4 16. Rxf4 Qg5 17. Rf3 Qxb5 18. Rb1 Qh5 19. Ne3 b6 20. Qe1 Be6 21.
Rb2 Rae8 22. g4 Qa5 23. Rff2 d5 24. e5 d4 25. Nd1 Bc8 26. Rbe2 Bb7 27. c4 Qc5
28. Kh2 f6 29. Rf5 fxe5 30. Rfxe5 Qd6 31. Kg1 Rxe5 32. Rxe5 Qc6 33. Re4 Qf6 34.
Re8 Rxe8 35. Qxe8+ Kh7 36. Qe2 Qf3 37. Qxf3 Bxf3 38. Nf2 g5 39. Kf1 Kg6 40. Ke1
Kf6 41. Kd2 Ke5 42. Kc2 Kf4 43. Kb3 Ke3 0-1

[Event "4NCL/Div4/KTP vs. CAMB2"]
[Site "Nottingham ENG"]
[Date "2006.02.12"]
[Round "6.3"]
[White "Harley Yeo, Gareth"]
[Black "Gallagher, Ian G"]
[Result "1/2-1/2"]
[WhiteElo "1836"]
[BlackElo "2010"]
[PlyCount "44"]
[EventDate "2006.02.12"]
[EventType "team"]
[EventRounds "11"]
[EventCountry "ENG"]
[SourceDate "2005.10.25"]

1. d4 Nf6 2. c4 e5 3. dxe5 Ng4 4. Bf4 Bb4+ 5. Nc3 Bxc3+ 6. bxc3 Nc6 7. Nf3 Qe7
8. Qd5 f6 9. exf6 Nxf6 10. Qd3 d6 11. g3 O-O 12. Bg2 Ne4 13. O-O Bf5 14. Nd4
Nxd4 15. Qxd4 Rae8 16. Qd5+ Kh8 17. Qxb7 Nxc3 18. e4 Bxe4 19. Bxe4 Qxe4 20.
Qxe4 Rxe4 21. Be3 c5 22. Kg2 Rxc4 1/2-1/2

[Event "4NCL/Div4/KTP vs. CAMB2"]
[Site "Nottingham ENG"]
[Date "2006.02.12"]
[Round "6.4"]
[White "Spencer, Carl"]
[Black "Davies, Matthew"]
[Result "1-0"]
[WhiteElo "1995"]
[BlackElo "1855"]
[PlyCount "57"]
[EventDate "2006.02.12"]
[EventType "team"]
[EventRounds "11"]
[EventCountry "ENG"]
[SourceDate "2005.10.25"]

1. e4 e6 2. d4 d5 3. Nd2 c5 4. exd5 Qxd5 5. Ngf3 cxd4 6. Bc4 Qd8 7. O-O Nf6 8.
Nb3 Nc6 9. Re1 Be7 10. Nbxd4 Nxd4 11. Nxd4 O-O 12. c3 Qc7 13. Bb3 a6 14. Bg5
Nd5 15. Bxe7 Nxe7 16. Qh5 Qf4 17. Re3 g6 18. Qc5 Nf5 19. Nxf5 Qxf5 20. Qe7 h6
21. h4 Qb5 22. Rd1 b6 23. Rd8 Rxd8 24. Qxd8+ Kg7 25. Rf3 Qd7 26. Qf6+ Kg8 27.
h5 Bb7 28. Rg3 g5 29. Qxh6 1-0

[Event "4NCL/Div4/KTP vs. CAMB2"]
[Site "Nottingham ENG"]
[Date "2006.02.12"]
[Round "6.5"]
[White "Fathallah, Joe"]
[Black "Kapadia, Sujit"]
[Result "0-1"]
[WhiteElo "1768"]
[BlackElo "1875"]
[PlyCount "74"]
[EventDate "2006.02.12"]
[EventType "team"]
[EventRounds "11"]
[EventCountry "ENG"]
[SourceDate "2005.10.25"]

1. d4 d5 2. c4 c6 3. Nf3 Nf6 4. e3 Bf5 5. Nc3 e6 6. Bd2 Be7 7. Be2 O-O 8. Nh4
Bg6 9. Nxg6 hxg6 10. h4 Nbd7 11. g4 dxc4 12. g5 Nd5 13. Bxc4 f5 14. f4 Kf7 15.
Kf2 Rh8 16. Be2 N7b6 17. Qb3 Qc7 18. Rac1 c5 19. Nxd5 Nxd5 20. Bf3 Rad8 21. h5
gxh5 22. Bxh5+ g6 23. Bf3 Rxh1 24. Bxh1 b6 25. Qc4 Qb8 26. dxc5 Bxc5 27. b4
Qxf4+ 28. Qxf4 Nxf4 29. bxc5 Rxd2+ 30. Ke1 Rh2 31. cxb6 Rxh1+ 32. Kd2 Rxc1 33.
Kxc1 axb6 34. exf4 e5 35. fxe5 Ke6 36. Kd2 Kxe5 37. Ke3 f4+ 0-1

[Event "4NCL/Div4/PONTY vs. HAL"]
[Site "Nottingham ENG"]
[Date "2006.02.12"]
[Round "6.1"]
[White "Adams, Mark A"]
[Black "Pugh, Glyn"]
[Result "1-0"]
[WhiteElo "2079"]
[BlackElo "2080"]
[PlyCount "55"]
[EventDate "2006.02.12"]
[SourceDate "2005.10.25"]

1. e4 e5 2. Nf3 d6 3. Bc4 f5 4. d3 Be7 5. Nbd2 Nc6 6. c3 Nf6 7. b4 d5 8. exd5
Nxd5 9. Qc2 a6 10. O-O Be6 11. Re1 Bf6 12. d4 Qd6 13. Bxd5 Qxd5 14. dxe5 Nxe5
15. Nxe5 Bxe5 16. Nf3 Bf6 17. c4 Qd7 18. Bb2 O-O 19. Rad1 Qc6 20. Bxf6 Rxf6 21.
c5 Rg6 22. Qd3 f4 23. Qd8+ Rxd8 24. Rxd8+ Kf7 25. Ne5+ Kf6 26. Nxc6 bxc6 27.
Rf8+ Kg5 28. Re5+ 1-0